书目信息 |
| 书名: | Introduction to atomic and nuclear physics | |
| 作者: | ||
| 分册号: | ||
| 分册名: | 出版地: | New York : |
|
| 出版社: | McGraw-Hill | |
| 出版时间: | 1961. | |
| 页数: | 380 p. : | |
| 开本: | 24 cm. | |
| 丛书名: | ||
| 中图分类号: | ||
| 科图分类号: | ||
| 其他分类号: | O57 | |
| 主题词: | ||
| 电子资源: | ||
| 000 | 01039nam 2200337 a 4500 | |
| 001 | E0758482001 | |
| 004 | 001073266 | |
| 005 | 20070727162714.25 | |
| 008 | 000 0 eng | |
| 008 | 4001uueng0000000 | |
| 010 | @a60010610 | |
| 035 | @a(DLC) 60010610 | |
| 040 | @aDLC/ICU @cICU @dDLC @dCcBjTSG | |
| 050 | 00 | @aQC173 @b.O45 1961 |
| 082 | 00 | @a539.7 |
| 090 | @aQC173 @bO44/1961 | |
| 090 | @aO57 | |
| 096 | @aQC173 | |
| 099 | @dO57@ex4=3 | |
| 100 | 1 | @aOldenberg, Otto, @d1888- |
| 245 | 10 | @aIntroduction to atomic and nuclear physics |
| 246 | 30 | @aAtomic and nuclear physics |
| 250 | @a3rd ed. | |
| 260 | @aNew York :@bMcGraw-Hill,@c1961. | |
| 300 | @a380 p. :@bill. ;@c24 cm. | |
| 500 | @aFirst ed. published in 1949 under title: Introduction to atomic physics. | |
| 504 | @aIncludes bibliography. | |
| 650 | 0 | @aMatter @vConstitution. |
| 650 | 0 | @aAtomic theory. |
| 650 | 0 | @aNuclear structure. @b40 @c20040810 @lNLC09 @h0835 @b40 @c20040901 @lNLC09 @h1433 |
| 852 | 01 | @bWWJC @cJ17N @hQC173 @iO44/1961 |
| Introduction to atomic and nuclear physics.-3rd ed.-New York : : McGraw-Hill, , 1961. |
| 380 p. : : ill. ; ; 24 cm. |
| First ed. published in 1949 under title: Introduction to atomic physics.-Includes bibliography. |
| ISBN |
| ● |
| 相关链接 |
|
|
|
|
正题名:Introduction to atomic and nuclear physics
索取号:O57/x4=3
 
预约/预借
| 序号 | 登录号 | 条形码 | 馆藏地/架位号 | 状态 | 备注 |
| 1 | 29072 | 300141031 | 第二样本阅览室/ [索取号:O57/x4=3] | 在馆 |